Detva 28. 5 . 21

Zobrazenie: Pohľad na dav ľudí. Vľavo v pozadí vidno ľudí, ktorí držia zástavy. Mnoho ľudí je oblečených v ľudových krojoch

Bibliographic Details
Format: Postcard
Language:Slovak
PhysicalDescription:1 pohľadnica čiernobiela 9 x 14 cm
Published: [Slovensko?] [vydavateľ neznámy] [1921?]
Subjects:

MARC

LEADER 00000ckm a2200000 a 4500
001 vtls010091390
003 SK-MaSNL
005 20260512122837.0
007 kp bo
008 230706q1921 xo g kuslo
015 |a SNBG1921 
035 |a urn:nbn:sk:snk-km00eaag 
035 |a urn:nbn:sk:snk-km43gvr 
035 |a 6C0280B7-2F86-4881-B350-2B9FA8C811F3 
040 |a SNK  |b slo  |c SNK  |e AACR2 
041 0 |a slo 
043 |a e-xo--- 
044 |a xo  |c SK 
072 7 |a 913  |x Regionálna geografia  |2 konspekt 
080 |a 913(437.6)  |2 2011 
080 |a (084.121)  |2 2011 
080 |a 351.752.22  |2 2011 
245 0 0 |a Detva 28. 5 . 21  |h grafika 
260 |a [Slovensko?]  |b [vydavateľ neznámy]  |c [1921?] 
300 |a 1 pohľadnica  |b čiernobiela  |c 9 x 14 cm 
500 |a Názvové údaje prevzaté z obrazovej časti pohľadnice 
520 8 |a Zobrazenie: Pohľad na dav ľudí. Vľavo v pozadí vidno ľudí, ktorí držia zástavy. Mnoho ľudí je oblečených v ľudových krojoch 
648 7 |a 20. stor.  |2 SNKPH  |9 275975 
650 0 7 |a zhromaždenia  |2 SNKPH  |9 29611 
651 7 |a Detva (Slovensko)  |2 SNKPHgeo  |9 15171 
655 7 |a miestne pohľadnice  |2 SNKPH  |9 70510 
852 |a Slovenská národná knižnica 
958 |a GC 
958 |a GBN 
958 |a ONDV 
999 |c 675860  |d 677790 
952 |a SNK  |b SNK  |y PREZ  |7 0  |p 17A0647552  |o snkSP 8935  |0 0  |1 0  |4 0  |d 2010-05-03  |f 1  |l 0  |r 2026-02-23 19:41:07  |w 2026-02-23